| 000 | 01006nam a22002417a 4500 | ||
|---|---|---|---|
| 005 | 20110914111919.0 | ||
| 008 | 110914t xxu||||| |||| 00| 0 eng d | ||
| 010 | _aENG-103684 | ||
| 020 |
_a9788184503814 _c380.00 |
||
| 035 | _aEN-87217 | ||
| 037 | _bDBAD/PUB | ||
| 040 |
_aDPL _bEng |
||
| 082 | _a158.1 | ||
| 100 |
_aShalini Rajneesh _934730 |
||
| 245 |
_aCreating your future / _cby Shalini Rajneesh [and] Usha Vasu ; foreworded by Shivraj V. Patil |
||
| 260 |
_aNew Delhi _bDeep and Deep Publications _c2011 |
||
| 270 |
_aF-159, Rajouri Garden _bNew Delhi _e110027 |
||
| 300 |
_axiv,117p. _c23cm (Hb) |
||
| 500 | _aIncludes bibliographical references and index | ||
| 700 |
_aUshu Vasu _934731 |
||
| 942 |
_2ddc _cEN _mSHA _h158.1 |
||
| 999 |
_c56586 _d56586 |
||